عرض عادي
عرض مارك
- Stress, Psychological
مدخل مصطلح موضوعي
001 - رقم الضبط
- حقل الضبط: 11059
003 - معرف رقم الضبط
- حقل الضبط: OSt
005 - تاريخ ووقت أخر عملية
- حقل الضبط: 20120417014601.0
008 - عناصر بيانات ثابتة الطول
- حقل تحكم ثابت الطول: 120417|||a|||||| | ||| d
040 ## - مصدر الفهرسة
- هيئة الفهرسة الأصلية: OSt
- وكالة الكتابة: OSt
150 ## - مدخل-- مصطلح تاريخي
- عنصر مدخل المصطلح الموضوعي او الاسم الجغرافي: Stress, Psychological
- تفريع عام: complications.
670 ## - بيانات المصدر موجوده
- الاستشهاد بالمصدر: Work cat.: (OSt)23865: Finestone, Hillel M. 11052, The pain detective :, c2009.
